[Event "VII Rapid"]
[Site "El Sauzal ESP"]
[Date "2006.11.04"]
[Round "4"]
[White "Strikovic,A"]
[Black "Brito Garcia,A"]
[Result "1-0"]
[WhiteElo "2535"]
[BlackElo "2364"]

1.c4 Nf6 2.Nf3 g6 3.g3 Bg7 4.Bg2 O-O 5.O-O c5 6.d4 cxd4 7.Nxd4 Nc6 8.c5 Qa5
9.Nb3 Qa6 10.Nc3 b6 11.Bg5 bxc5 12.Nxc5 Qa5 13.Bxf6 Qxc5 14.Bxg7 Kxg7 15.Rc1 Rb8
16.b3 Qe5 17.Qd2 Ba6 18.Rfd1 Rfd8 19.e3 Nb4 20.f4 Qe6 21.Qd4+ Kg8 22.e4 Nc6
23.Qf2 Bb7 24.e5 Nb4 25.Qxa7 Bxg2 26.Kxg2 Ra8 27.Qf2  1-0

[Event "VII Rapid"]
[Site "El Sauzal ESP"]
[Date "2006.11.05"]
[Round "6"]
[White "Strikovic,A"]
[Black "Santos Izquierdo,F"]
[Result "1-0"]
[WhiteElo "2535"]
[BlackElo "2291"]

1.c4 Nf6 2.Nf3 g6 3.g3 Bg7 4.Bg2 O-O 5.O-O d6 6.d4 Nbd7 7.Nc3 e5 8.Qc2 a6
9.Rd1 exd4 10.Nxd4 Re8 11.e4 Rb8 12.h3 Ne5 13.c5 dxc5 14.Nf5 Ned7 15.Nxg7 Kxg7
16.f4 c6 17.e5 Nd5 18.Nxd5 cxd5 19.Rxd5 Qe7 20.Be3 b6 21.Rad1 Nf8 22.Rd6 h5
23.b4 cxb4 24.Bxb6 Be6 25.Kh2 Nd7 26.Bd4 Rec8 27.Qd2 Nc5 28.Qe3 Na4 29.Rxa6 Nc3
30.Rd2 Nb5 31.Bb2 Nc3 32.a4 bxa3 33.Bxc3 Rb3 34.Rd3 Bc4 35.Ra7 Qe6 36.Rd6  1-0

[Event "TCh-ROM Divizia A Masculin"]
[Site "Predeal ROM"]
[Date "2006.11.05"]
[Round "2"]
[White "Itkis,B"]
[Black "Timoshenko,G"]
[Result "1/2-1/2"]
[WhiteElo "2447"]
[BlackElo "2550"]

1.Nf3 Nf6 2.c4 g6 3.g3 Bg7 4.Bg2 O-O 5.O-O d6 6.Nc3 Nc6 7.d4 a6 8.h3 Bd7
9.e4 e5 10.dxe5 dxe5 11.Re1 h6 12.Nd5 Nh7 13.Be3 Ng5 14.Nxg5 hxg5 15.Qd2 g4
16.hxg4 Bxg4 17.c5 Qd7 18.Rac1 Rae8 19.Rc3  1/2-1/2

[Event "TCh-ROM Divizia A Masculin"]
[Site "Predeal ROM"]
[Date "2006.11.05"]
[Round "2"]
[White "Iordachescu,V"]
[Black "Milu,R"]
[Result "1-0"]
[WhiteElo "2564"]
[BlackElo "2430"]

1.Nf3 Nf6 2.c4 g6 3.g3 Bg7 4.Bg2 O-O 5.O-O d6 6.Nc3 e5 7.d4 Nbd7 8.b3 Re8
9.h3 exd4 10.Nxd4 Nc5 11.Bb2 c6 12.Qc2 a5 13.Rad1 Qb6 14.Ba3 h5 15.e3 Bd7
16.Rd2 Rad8 17.Rfd1 Bc8 18.Re2 Re7 19.Qb1 Rde8 20.Qc1 Nfe4 21.Nxe4 Nxe4 22.Bb2 a4
23.bxa4 Nc5 24.Ba3 Qa7 25.Nb3 Ne4 26.Bb2 Bxb2 27.Rxb2 Qxa4 28.Rd4 Qa6 29.Nd2 Ng5
30.h4 c5 31.Rd3 Nh7 32.Rb5 d5 33.Rxc5 dxc4 34.Nxc4 b6 35.Rc6 Be6 36.Ra3  1-0

[Event "RGSU Masters"]
[Site "Moscow RUS"]
[Date "2006.11.09"]
[Round "4"]
[White "Zhidkov,V"]
[Black "Cherenkova,K"]
[Result "1/2-1/2"]
[WhiteElo "2366"]
[BlackElo "2238"]

1.Nf3 Nf6 2.c4 g6 3.g3 Bg7 4.Bg2 O-O 5.O-O d6 6.d4 c5 7.Nc3 Nbd7 8.b3 cxd4
9.Nxd4 Nc5 10.Bb2 a6 11.Qd2 Rb8 12.Rfd1 Bd7 13.Rac1 Ne6 14.Nxe6 Bxe6 15.Nd5 Bxd5
16.Bxd5 Nxd5 17.Bxg7 Kxg7 18.cxd5 Qd7 19.Qc3+ Kg8 20.Qc7 Rfd8 21.Rc4 Qe8
22.Rdc1 e6 23.dxe6 Qxe6 24.R4c2 d5 25.Qf4 Rbc8 26.Rc7 Rxc7 27.Rxc7 b5 28.e3 Rc8
29.Rxc8+ Qxc8 30.Qd6 Qf5  1/2-1/2

[Event "TCh-NOR 2006-7"]
[Site "Oslo NOR"]
[Date "2006.11.10"]
[Round "1"]
[White "Gronn,A"]
[Black "Gullaksen,E"]
[Result "1-0"]
[WhiteElo "2310"]
[BlackElo "2412"]

1.Nf3 Nf6 2.c4 g6 3.g3 Bg7 4.Bg2 O-O 5.d4 d6 6.O-O c6 7.Nc3 Qb6 8.e3 Bf5
9.b3 Nbd7 10.Nh4 Bg4 11.Qc2 Rac8 12.h3 Be6 13.f4 Nb8 14.Kh2 d5 15.Na4 Qc7
16.Nc5 Bd7 17.Ba3 Rfe8 18.Rac1 e6 19.Nf3 Rcd8 20.Nxd7 Nbxd7 21.Ne5 Qa5 22.Bb2 Ne4
23.Bxe4 dxe4 24.Qxe4 Nxe5 25.fxe5 Qxa2 26.Qc2 Qa5 27.Ra1 Qb6 28.Bc3 Qc7 29.Rxa7 Ra8
30.Ba5 Qe7 31.Bb6 Rxa7 32.Bxa7 Qg5 33.Qf2 Re7 34.h4 Qg4 35.Bc5 Rd7 36.Qf3 Qxf3
37.Rxf3 Rd8 38.g4 Bf8 39.Bxf8 Kxf8 40.Kg3 Ra8 41.e4 Ke7 42.d5 cxd5 43.exd5 exd5
44.cxd5 Ra5 45.d6+ Ke8 46.Kf4 Rb5 47.Rc3 h6 48.h5 Rb4+ 49.Rc4 g5+ 50.Kf5 Rxb3
51.Kf6 Rf3+ 52.Kg7 Re3 53.Rc8+ Kd7 54.Rc7+ Kd8 55.Re7 Re4 56.Kxf7 Rxg4 57.Rxb7  1-0

[Event "10th OIBM"]
[Site "Bad Wiessee GER"]
[Date "2006.11.11"]
[Round "8"]
[White "Schumacher,R"]
[Black "Kopylova,L"]
[Result "0-1"]
[WhiteElo "2143"]
[BlackElo "2258"]

1.Nf3 Nf6 2.c4 g6 3.g3 Bg7 4.Bg2 O-O 5.O-O c6 6.d4 d5 7.e3 Ne4 8.Ne1 Be6
9.f3 Nf6 10.cxd5 cxd5 11.Qb3 Qc8 12.Nd3 b6 13.Ne5 Qb7 14.Bd2 Rc8 15.Nc3 Nc6
16.Nxc6 Rxc6 17.Rac1 Rac8 18.Rfe1 Ne8 19.f4 Rd6 20.Bf1 Nf6 21.Qa3 a5 22.b4 axb4
23.Qxb4 Ra8 24.a4 Ne4 25.Nxe4 dxe4 26.Bb5 Bh3 27.Qc4 Rc8 28.Qe2 Rcd8 29.Rc4 e5
30.fxe5 Bxe5 31.Rec1 Bg7 32.Bb4 Rf6 33.Rc7 Qd5 34.Be7 Rf3 35.Bc4 Rxe3 36.Bxd5 Rxe2
37.Rd1 Rxd5 38.Rc4 Bh6 39.Rc3 Be3+ 40.Rxe3 Rxe3 41.Bf6 Rf5  0-1

[Event "TCh-NOR 2006-7"]
[Site "Oslo NOR"]
[Date "2006.11.11"]
[Round "2"]
[White "Lie,K"]
[Black "Gabrielsen,S"]
[Result "0-1"]
[WhiteElo "2516"]
[BlackElo "2342"]

1.Nf3 Nf6 2.c4 g6 3.g3 Bg7 4.Bg2 O-O 5.O-O d6 6.Nc3 a5 7.d4 c6 8.e4 Bg4 9.h3 Bxf3
10.Bxf3 e5 11.Be3 Qe7 12.Bg2 Na6 13.a3 Nd7 14.d5 Rfc8 15.Rb1 Qd8 16.Qe2 cxd5
17.Nxd5 Nac5 18.h4 Rc6 19.Bg5 f6 20.Be3 Nb3 21.Bh3 Ndc5 22.h5 Qf8 23.hxg6 hxg6
24.Rbd1 Qf7 25.f4 Nxe4 26.Qc2 Nec5 27.Bxc5 Nxc5 28.b4 axb4 29.axb4 Ne6 30.b5 Rc5
31.fxe5 f5 32.exd6 Nd4 33.Qf2 Rxc4 34.Nb6 Rc2 35.Qxc2 Nxc2 36.Nxa8 Bd4+ 37.Kh1 Qd5+
38.Kh2 Ne3 39.Nc7 Qxd6 40.Ne8 Nxf1+  0-1

[Event "RGSU Masters"]
[Site "Moscow RUS"]
[Date "2006.11.13"]
[Round "8"]
[White "Zhidkov,V"]
[Black "Belous,V"]
[Result "0-1"]
[WhiteElo "2366"]
[BlackElo "2251"]

1.Nf3 Nf6 2.g3 g6 3.c4 Bg7 4.Bg2 O-O 5.O-O d6 6.d4 c6 7.Re1 a6 8.e4 b5 9.e5 Ne8
10.Nbd2 dxe5 11.dxe5 Bf5 12.b3 Ra7 13.Bb2 Rd7 14.Qe2 Nc7 15.Ne4 Ne6 16.Nfg5 Nxg5
17.Nxg5 Rd2 18.Qf3 Rxb2 19.g4 Be6 20.Ne4 Qa5  0-1

[Event "Capablanca mem Open"]
[Site "Havana CUB"]
[Date "2006.11.23"]
[Round "3"]
[White "Borges Mateos,J"]
[Black "Mena Crespo,C"]
[Result "1-0"]
[WhiteElo "2431"]
[BlackElo "2413"]

1.Nf3 Nf6 2.c4 g6 3.g3 Bg7 4.Bg2 O-O 5.O-O d6 6.d4 Nc6 7.Nc3 a6 8.Re1 Rb8
9.Rb1 Na5 10.Nd2 c5 11.dxc5 dxc5 12.Nb3 Nxc4 13.Nxc5 b6 14.Nd3 Nh5 15.Nb4 Bb7
16.Qd3 b5 17.Qxd8 Rfxd8 18.Bxb7 Rxb7 19.Nxa6 Na3 20.bxa3 Bxc3 21.Rf1 Nf6
22.Rb3 Ba5 23.a4 Rd5 24.Be3 Ng4 25.Bc5 Rd2 26.Rxb5 Rxb5 27.axb5 Rb2 28.a4 Nf6
29.Bd4 Rb3 30.Nc5 Ra3 31.Ra1 Rxa1+ 32.Bxa1 Nd5 33.Nb3 Bb4 34.e4 Nc7 35.Be5 Ne6
36.a5 f6 37.a6  1-0

[Event "19th Belgrade Trophy"]
[Site "Belgrade SRB"]
[Date "2006.11.24"]
[Round "3"]
[White "Pavlovic,Milo"]
[Black "Rankovic,SI"]
[Result "1-0"]
[WhiteElo "2507"]
[BlackElo "2139"]

1.Nf3 Nf6 2.c4 g6 3.g3 Bg7 4.Bg2 O-O 5.O-O c6 6.b3 d6 7.d4 Nbd7 8.Nc3 e5
9.e4 Qa5 10.Bd2 Qb6 11.Re1 Re8 12.d5 c5 13.Rb1 Qd8 14.a3 Nb6 15.Bf1 a5 16.Nb5 Ra6
17.b4 axb4 18.axb4 Bf8 19.bxc5 dxc5 20.Bc3 Bd6 21.h3 Qc7 22.Ra1 Bd7 23.Rxa6 bxa6
24.Nxd6 Qxd6 25.Qa1  1-0

[Event "19th Belgrade Trophy"]
[Site "Belgrade SRB"]
[Date "2006.11.29"]
[Round "8"]
[White "Pucarevic,M"]
[Black "Zivkovic,DD"]
[Result "1/2-1/2"]
[WhiteElo "2228"]
[BlackElo "2134"]

1.Nf3 Nf6 2.c4 g6 3.g3 Bg7 4.Bg2 O-O 5.O-O c6 6.d4 d5 7.Nc3 dxc4 8.a4 Nd5
9.h3 Bf5 10.Nh4 Be6 11.a5 Qd7 12.Kh2 Nb4 13.Qa4 N8a6 14.Rd1 Rfd8 15.Nf3 Qe8
16.Bf4 Bd7 17.Ne5 Bxe5 18.dxe5 c5 19.Rxd7 Qxd7 20.Nb5 Nd5 21.Qxc4 Nxf4 22.gxf4 Nc7
23.Nxc7 Qxc7 24.a6 b5 25.Qxb5 Rab8 26.Bb7 Rd4 27.Rc1 Rxf4 28.Rxc5 Qd8 29.Rd5 Qf8
30.Qc5 Rd8 31.Rxd8 Qxd8 32.Qxa7 Qc7 33.Qe3 Rb4 34.b3 Rb6 35.Kg2 Rxb7 36.axb7 Qxb7+
37.f3 Qb4 38.e6 f5 39.f4 Qb5 40.Kg3 Kf8 41.Kh4 Qb4 42.Kg3 h6 43.Kf2 Qb7 44.Qd4 Kg8
45.Qd7 Qb4 46.e3 Kh7 47.h4 g5 48.hxg5 hxg5 49.fxg5 Kg6 50.Qd5 Qh4+ 51.Ke2 Qxg5
52.Kd3 Qg1 53.Qd4 Qd1+ 54.Kc3 Qc1+ 55.Kb4 Qc6 56.Qe5 Qb6+ 57.Kc3 Qc6+ 58.Kb2 Qb6
59.Ka3 Qa6+ 60.Kb2 Qb6 61.Kc2 Qc6+ 62.Kd2 Qb6 63.Kc3 Qc6+ 64.Kb2 Qb6  1/2-1/2

[Event "19th Belgrade Trophy"]
[Site "Belgrade SRB"]
[Date "2006.11.29"]
[Round "8"]
[White "Radosavljevic,S"]
[Black "Manojlovic,Se"]
[Result "1-0"]
[WhiteElo "2254"]
[BlackElo "2165"]

1.c4 Nf6 2.Nf3 g6 3.g3 Bg7 4.Bg2 O-O 5.O-O d6 6.Nc3 c5 7.d3 Nc6 8.a3 Re8
9.Rb1 a5 10.Ne1 e5 11.Bg5 h6 12.Bxf6 Bxf6 13.Nc2 Rb8 14.b4 cxb4 15.axb4 Bd7
16.Nb5 Be7 17.bxa5 Qxa5 18.Ra1 Qb6 19.Ne3 Be6 20.Rb1 Qd8 21.Nd5 Bxd5 22.Bxd5 Kg7
23.Nc3 Qd7 24.Bg2 f5 25.Rb6 Rec8 26.Qb1 Bd8 27.Rb2 Na5 28.Nd5 Rc5 29.Qa1 g5
30.Rfb1 Kg6 31.g4 fxg4 32.Be4+ Kh5 33.Ne3 Nc6 34.Qa4 Ra5 35.Qd1 Nd4 36.Nf1 b5
37.Ng3+ Kh4 38.Kg2 Bb6 39.e3 Nf3 40.Nf5+ Kh5 41.Ng3+ Kh4 42.Rxb5 Rxb5 43.Rxb5 Bc7
44.Rxb8 Bxb8 45.Bg6  1-0

[Event "12th Open"]
[Site "Navalmoral de la Mata ESP"]
[Date "2006.12.06"]
[Round "2"]
[White "Greenfeld,A"]
[Black "Carbonell Bofill,C"]
[Result "1-0"]
[WhiteElo "2567"]
[BlackElo "2205"]

1.Nf3 Nf6 2.c4 g6 3.g3 Bg7 4.Bg2 O-O 5.d4 e6 6.O-O d5 7.Nc3 Ne4 8.Bf4 g5
9.Be3 h6 10.h4 f6 11.hxg5 hxg5 12.Qc2 Nxc3 13.bxc3 Nc6 14.Bc1 Na5 15.Nd2 f5
16.a4 c6 17.Rb1 b6 18.cxd5 cxd5 19.c4 Bb7 20.cxd5 Rc8 21.Qd1 Bxd5 22.e4 Ba2
23.Ra1 Bc4 24.Nxc4 Rxc4 25.Qh5 Qxd4 26.Ba3 Rfc8 27.Rad1 Qf6 28.exf5 Rxa4
29.fxe6 Rxa3 30.e7 Qxe7 31.Bd5+ Kf8 32.Qh7 Rxg3+ 33.fxg3+  1-0

[Event "Open"]
[Site "Granada ESP"]
[Date "2006.12.07"]
[Round "3"]
[White "Suba,M"]
[Black "Mogranzini,R"]
[Result "1-0"]
[WhiteElo "2535"]
[BlackElo "2401"]

1.Nf3 Nf6 2.c4 g6 3.g3 Bg7 4.Bg2 O-O 5.O-O d6 6.Nc3 e5 7.d4 Nbd7 8.h3 exd4
9.Nxd4 Re8 10.e4 a6 11.Re1 Rb8 12.Rb1 Ne5 13.b3 Nfd7 14.f4 Nc6 15.Nde2 a5
16.a3 Nc5 17.b4 axb4 18.axb4 Ne6 19.Be3 Ra8 20.Bf2 Nf8 21.c5 dxc5 22.bxc5 Bd7
23.Qb3 Na5 24.Qb4 Qc8 25.g4 Ne6 26.Nd5 Nd8 27.e5 Bc6 28.Qc3 Bxd5 29.Bxd5 Nac6
30.Ng3 Ne6 31.Re4 Rd8 32.Bc4 Ra7 33.h4 Bf8 34.f5 gxf5 35.gxf5 Ng7 36.e6 fxe6
37.f6  1-0

[Event "Masters"]
[Site "Singapore SIN"]
[Date "2006.12.27"]
[Round "4"]
[White "Paciencia,E"]
[Black "Situru,N"]
[Result "0-1"]
[WhiteElo "2432"]
[BlackElo "2388"]

1.Nf3 Nf6 2.c4 g6 3.g3 Bg7 4.Bg2 O-O 5.O-O d6 6.d4 Nbd7 7.Nc3 e5 8.b3 Re8
9.Bb2 c6 10.d5 cxd5 11.cxd5 a6 12.a4 h6 13.Nd2 e4 14.Nc4 Ne5 15.Nxe5 Rxe5
16.Nxe4 Nxe4 17.Bxe5 Nxf2 18.Kxf2 Bxe5 19.Rc1 Qb6+ 20.e3 h5 21.Rc4 Bf5 22.Be4 Bh3
23.Re1 Re8 24.Qd3 Kg7 25.Kg1 Qa5 26.Rd1 b5 27.axb5 axb5 28.Rc2 h4 29.gxh4 Rh8
30.Kh1 f5 31.Bf3 Rxh4 32.Rg1 Kf6 33.Rf2 Qb4 34.Qc2 Qc5 35.Qxc5 dxc5 36.Ra2 Kg7
37.Rd1 f4 38.d6 Rh8 39.d7 Bf6 40.exf4 Rd8 41.Ra8 Bg4 42.Bxg4 Rxa8 43.Bf3 Rd8
44.Bc6 c4 45.b4 c3 46.Bxb5 Rb8 47.Bd3 Rxb4  0-1

[Event "33rd Annual Eastern Open"]
[Site "Washington DC USA"]
[Date "2006.12.29"]
[Round "5"]
[White "Lu Yu Zhong"]
[Black "Miller,D"]
[Result "1-0"]
[WhiteElo "2091"]
[BlackElo "2281"]

1.Nf3 Nf6 2.g3 g6 3.Bg2 Bg7 4.c4 O-O 5.O-O d6 6.d4 Nbd7 7.Nc3 e5 8.e4 Re8
9.d5 a5 10.Ne1 Nc5 11.Nd3 Nfd7 12.Be3 Nxd3 13.Qxd3 Nc5 14.Qc2 b6 15.a3 f5
16.f3 f4 17.gxf4 exf4 18.Bxf4 Bd4+ 19.Kh1 Bd7 20.Rad1 Qf6 21.Bg5 Qxg5 22.Rxd4 Rf8
23.Qd2 Qf6 24.Qe3 Rae8 25.Nb5 Bxb5 26.cxb5 Qf4 27.Qxf4 Rxf4 28.b4 Nb3 29.Rd3 a4
30.Bh3 Kg7 31.Rfd1 Re7 32.Kg2 Kf6 33.Be6 Ke5 34.Kf2 g5 35.Ke3 h6 36.Rc3 Rg7
37.Rc4 Rf8 38.Bg4 h5 39.Bf5 g4 40.f4+ Kf6 41.Rg1 Re8 42.Rc2 Reg8 43.Be6 g3
44.Bxg8 gxh2 45.Rh1 Rg3+ 46.Kf2 Rxg8 47.Rxh2 Rg4 48.Rxc7 h4 49.Rd7 Rxf4+
50.Ke3 Rg4 51.Rxd6+ Kg5 52.Rf2 Rg3+ 53.Rf3 Rxf3+ 54.Kxf3 Nd4+ 55.Kg2 Nxb5
56.Re6 Kg4 57.d6 Nd4 58.Rg6+ Kf4 59.d7  1-0

[Event "XVII Cracovia A"]
[Site "Krakow POL"]
[Date "2006.12.30"]
[Round "5"]
[White "Gritsak,O"]
[Black "Panocki,A"]
[Result "1-0"]
[WhiteElo "2542"]
[BlackElo "2293"]

1.Nf3 Nf6 2.c4 g6 3.g3 Bg7 4.Bg2 O-O 5.O-O d5 6.cxd5 Nxd5 7.d4 Nc6 8.Nc3 Nb6
9.e3 Re8 10.h3 e5 11.d5 Na5 12.e4 c6 13.Re1 cxd5 14.exd5 e4 15.Nxe4 Nxd5
16.Bg5 f6 17.Bd2 Nc6 18.Qb3 Kh8 19.Nd6 Rxe1+ 20.Rxe1 Qg8 21.Re8 Bf8 22.Bh6  1-0

[Event "Open"]
[Site "Verona ITA"]
[Date "2007.01.04"]
[Round "2"]
[White "Mola,P"]
[Black "Pomaro,A"]
[Result "1/2-1/2"]
[WhiteElo "2274"]
[BlackElo "2054"]

1.Nf3 Nf6 2.c4 g6 3.g3 Bg7 4.Bg2 O-O 5.O-O d6 6.d4 Nc6 7.Nc3 a6 8.h3 Rb8
9.e4 e5 10.d5 Na5 11.Nd2 c5 12.a3 Bh6 13.b4 cxb4 14.axb4 Bxd2 15.Bxd2 Nxc4
16.Bg5 Nb6 17.f4 Nbd7 18.fxe5 dxe5 19.Kh2 Qc7 20.Qb3 Qd6 21.Bh6 Re8 22.Ra2 Kh8
23.Bg5 Qe7 24.Kh1 Qd6 25.Kh2 Qe7 26.Bh4 g5 27.d6 Qe6 28.Qxe6 Rxe6 29.Bxg5 Rxd6
30.Raf2 Kg7 31.Nd1 Kg6 32.Bh4 b5 33.Ne3 Bb7 34.Rf5 h6 35.g4 Nxe4 36.Rxf7 Ng5
37.Bxg5 Bxg2 38.Kxg2 hxg5 39.Re7 Nf8 40.Rxe5 Ne6 41.Kg3 Rf8 42.Rff5 Rc6 43.Nd5 Rf7
44.h4 gxh4+ 45.Kxh4 Nd4 46.Rxf7 Kxf7 47.Re7+ Kf8 48.Rd7 Nf3+ 49.Kh5 Ne5 50.Rc7 Rd6
51.Nf4 Kg8 52.Re7 Rd4 53.Rxe5 Rxf4 54.Re6 Rxb4 55.Rxa6 Rc4 56.Rb6 b4 57.Rb7 Kf8
58.g5 Rd4 59.Kh6 Rh4+ 60.Kg6 Rf4 61.Rb8+ Ke7 62.Kg7 Rg4 63.g6 Kd6 64.Kf7 Kc5
65.g7 Kc4 66.g8=Q Rxg8 67.Rxg8 b3 68.Rc8+ Kd3 69.Rb8 Kc2 70.Rc8+ Kd2 71.Ke6 b2
72.Rb8 Kc2 73.Rc8+ Kd2  1/2-1/2

[Event "Petrovskaya Ladya IM"]
[Site "Peterhof RUS"]
[Date "2007.01.05"]
[Round "3"]
[White "Nadjezhdin,D"]
[Black "Kuznetsov,G"]
[Result "1-0"]
[WhiteElo "2238"]
[BlackElo "2097"]

1.Nf3 Nf6 2.c4 g6 3.g3 Bg7 4.Bg2 O-O 5.d4 d5 6.cxd5 Nxd5 7.O-O c6 8.e4 Nb6
9.h3 Be6 10.Nc3 Bc4 11.Re1 a5 12.Bf4 N8d7 13.Qd2 Re8 14.Bh6 Bh8 15.b3 Ba6
16.Rad1 a4 17.h4 axb3 18.axb3 Nf6 19.Bh3 e6 20.e5 Nfd5 21.Ne4 Qe7 22.Nd6 Red8
23.Ng5 Rf8 24.Ndxf7 Nc7 25.Bxf8 Rxf8 26.Nxh8 Kxh8 27.Re3 Nbd5 28.Rf3 Rxf3
29.Nxf3 Kg7 30.Ng5 h6 31.Ne4 Qf8 32.Nc5 Qe7 33.Qc2 Qf7 34.Ra1 Qf3 35.Bg2 Qg4
36.Nxa6 Nxa6 37.Bxd5 exd5 38.Qd2 g5 39.hxg5 hxg5 40.Qe3 Kf7 41.Kg2 Ke6 42.Rh1 Qe4+
43.Qxe4 dxe4 44.Rh6+  1-0

[Event "Open A"]
[Site "Prague CZE"]
[Date "2007.01.14"]
[Round "4"]
[White "Konopka,M"]
[Black "Nemcova,Kat"]
[Result "1/2-1/2"]
[WhiteElo "2426"]
[BlackElo "2147"]

1.Nf3 Nf6 2.c4 g6 3.g3 Bg7 4.Bg2 O-O 5.d4 d6 6.Nc3 c6 7.O-O Qa5 8.h3 Be6
9.Nd2 Na6 10.a3 Rab8 11.d5 Bd7 12.b4 Qd8 13.Bb2 Nc7 14.Nb3 e6 15.dxc6 Bxc6
16.Bxc6 bxc6 17.Qd3 e5 18.e4 Qd7 19.Kg2 Ne6 20.Rad1 Nh5 21.Bc1 Rfd8 22.c5 Nd4
23.Ne2 Nxe2 24.Qxe2 Qe6 25.Na5 dxc5 26.bxc5 Bf8 27.Rxd8 Rxd8 28.Be3 Nf6 29.f3 Nd7
30.Rb1 Rb8 31.Rb4 f5 32.Qc4 Qxc4 33.Nxc4 fxe4 34.Rxb8 Nxb8 35.Nxe5 exf3+
36.Kxf3 Bg7 37.Ke4 Kf8 38.Nc4 Ke7 39.Bf4 Nd7 40.Bd6+ Ke6 41.Na5  1/2-1/2

[Event "Meurthe et Moselle GM"]
[Site "Nancy FRA"]
[Date "2007.02.23"]
[Round "7"]
[White "Wirig,A"]
[Black "Marzolo,C"]
[Result "1/2-1/2"]
[WhiteElo "2433"]
[BlackElo "2472"]

1.Nf3 Nf6 2.c4 g6 3.g3 Bg7 4.Bg2 O-O 5.O-O d6 6.d4 Nbd7 7.Qc2 e5 8.Rd1 exd4
9.Nxd4 Re8 10.Nc3 a6 11.b3 Rb8 12.Bb2 c6 13.e3 Qc7 14.h3 h5 15.Nf3 Nc5 16.Nd4 Ncd7
17.Nf3 Nc5 18.Nd4 Ncd7  1/2-1/2

[Event "2nd Trophee Universitaire"]
[Site "La Roche sur Yon FRA"]
[Date "2007.03.01"]
[Round "4"]
[White "Hamdouchi,H"]
[Black "Libiszewski,F"]
[Result "1-0"]
[WhiteElo "2602"]
[BlackElo "2469"]

1.Nf3 Nf6 2.c4 g6 3.g3 Bg7 4.Bg2 O-O 5.O-O d5 6.cxd5 Nxd5 7.d4 Nb6 8.a4 a5
9.Nbd2 Bd7 10.e3 Qc8 11.b3 Bh3 12.Bxh3 Qxh3 13.Ba3 Nc6 14.Rc1 Rfd8 15.Qe2 Rd5
16.Rfe1 Rad8 17.Ne4 Rh5 18.Nc5 Qc8 19.Nd3 Bh6 20.Nfe5 Nxe5 21.Nxe5 Nd5 22.f4 Bf8
23.Qc4 Qh3 24.Rc2 f6 25.Nd3 f5 26.Rg2 Qg4 27.Ne5 Qh3 28.Qb5 Bg7 29.Qxb7 Bxe5
30.fxe5 Qg4 31.Qc6 Kf7 32.e6+ Kg7 33.Bxe7 Nxe7 34.Qxc7 Re8 35.Qd7 Kf8 36.d5 Qb4
37.Rge2 f4 38.d6 f3 39.Rf1 Rf5 40.Ref2 Qe4 41.Rc1 Nc6  1-0

[Event "ch-SRB"]
[Site "Vrsac SRB"]
[Date "2007.03.09"]
[Round "6"]
[White "Bogosavljevic,B"]
[Black "Todorovic,J"]
[Result "1-0"]
[WhiteElo "2470"]
[BlackElo "2381"]

1.Nf3 Nf6 2.c4 g6 3.g3 Bg7 4.Bg2 O-O 5.O-O d6 6.d4 Nbd7 7.Nc3 e5 8.e4 exd4
9.Nxd4 Re8 10.Re1 Ng4 11.h3 Nge5 12.b3 Nc5 13.Be3 c6 14.Re2 a5 15.Rd2 Qe7
16.f4 Ned7 17.Bf2 Nf6 18.Qc2 Nfxe4 19.Nxe4 Nxe4 20.Bxe4 Qxe4 21.Re1 Qxe1+
22.Bxe1 Rxe1+ 23.Kf2 Re7 24.g4 Bd7 25.Nf3 c5 26.Rxd6 a4 27.Qd2 axb3 28.axb3 Be8
29.f5 gxf5 30.Nh4 fxg4 31.Nf5 Re5 32.hxg4 f6 33.Nxg7 Kxg7 34.Qf4 Ra2+ 35.Kg3 Rae2
36.Qxf6+ Kg8 37.Rd3 R5e3+ 38.Rxe3 Rxe3+ 39.Kf4 Rxb3 40.Qd8 Kf7 41.Qd5+ Kg7
42.Qe5+ Kf8 43.Qh8+ Ke7 44.Qxh7+ Bf7 45.g5 Rb6 46.Qe4+ Kd8 47.Qd3+ Ke7 48.Qe3+ Kd7
49.Qxc5 Rc6 50.Qd4+ Ke7 51.c5 Be8 52.Qb4 Kf8 53.Qxb7 Rg6 54.Qc8 Rc6 55.Qd8 Rg6
56.Ke5 Rc6 57.Kd4 Rg6 58.Kd5 Kf7 59.Qc7+ Kf8 60.Qf4+ Ke7 61.Qf5 Bc6+ 62.Ke5 Be8
63.Kd4 Rc6 64.Qe5+ Kf8 65.Qh8+ Ke7 66.Kd5 Rg6 67.Qh4 Bc6+ 68.Ke5 Be8 69.c6 Re6+
70.Kf4 Bg6 71.Qh1 Kd6 72.Qc1 Kc7 73.Qc5 Rxc6 74.Qe7+ Kb6 75.Ke5 Bc2 76.Qb4+ Kc7
77.Kd5 Bg6 78.Qe7+ Kb6 79.Qb4+ Kc7 80.Qa5+ Kd7 81.Qa7+ Rc7 82.Qd4 Bf7+ 83.Ke5+ Ke8
84.Qa4+ Ke7 85.Qb4+ Kd8 86.Qf8+ Be8 87.g6 Re7+ 88.Kf6 Re1 89.g7 Rf1+ 90.Ke5  1-0

[Event "ch-SRB"]
[Site "Vrsac SRB"]
[Date "2007.03.14"]
[Round "10"]
[White "Bogosavljevic,B"]
[Black "Brenjo,S"]
[Result "1-0"]
[WhiteElo "2470"]
[BlackElo "2491"]

1.Nf3 Nf6 2.c4 g6 3.g3 Bg7 4.Bg2 O-O 5.O-O d6 6.d4 c5 7.dxc5 dxc5 8.Ne5 Nfd7
9.Nd3 Na6 10.Bg5 h6 11.Be3 Nb4 12.Nxb4 cxb4 13.Qd2 Ne5 14.Qxb4 a5 15.Qb3 a4
16.Qc2 Bf5 17.Qc1 Rc8 18.Bxh6 Bxh6 19.Qxh6 Nxc4 20.Nc3 Nxb2 21.Nd5 e6 22.Nf4 Bc2
23.h4 Rc5 24.Rac1 Qf6 25.h5 Qg7 26.Qxg7+ Kxg7 27.hxg6 e5 28.Nh3 f6 29.f4 b6
30.fxe5 Bxg6 31.Rxc5 bxc5 32.Nf4 Rf7 33.Ne6+ Kh6 34.exf6 c4 35.g4 c3 36.g5+ Kh7
37.Nf4 c2 38.Rc1 Rd7 39.Bd5 Nc4 40.Kf2 Rxd5 41.Nxd5  1-0

[Event "ch-SRB"]
[Site "Vrsac SRB"]
[Date "2007.03.16"]
[Round "12"]
[White "Bogosavljevic,B"]
[Black "Arsovic,Z"]
[Result "1/2-1/2"]
[WhiteElo "2470"]
[BlackElo "2457"]

1.Nf3 Nf6 2.c4 g6 3.g3 Bg7 4.Bg2 O-O 5.O-O c5 6.d4 Nc6 7.Nc3 d6 8.dxc5 dxc5
9.Bf4 Qa5 10.Qa4 Nh5 11.Qxa5 Nxa5 12.Be5 Nxc4 13.Bxg7 Kxg7 14.b3 Na5 15.Ne5 Be6
16.Ne4 b6 17.Ng5 Rad8 18.Nxe6+ fxe6 19.Nd3 Rd4 20.Rac1 Rfd8 21.Nxc5 bxc5
22.Rxc5 Nxb3 23.axb3 Rb4 24.Rc7 Kf7 25.Ra1 Rxb3 26.Bf3 Nf6 27.Raxa7 Ng8 28.Kg2 h5
29.Be4 Rbb8 30.Bb7 Nf6 31.Bc6 Ng8 32.Bd7 Nf6 33.Bc6 Ng8 34.Be4 Rbc8 35.Bd3 Rxc7
36.Rxc7 Nf6 37.Ra7 Rd4 38.Ra5 Rd5 39.Ra4 Rc5 40.h3 Rd5 41.Bc4 Rc5 42.Bd3 e5
43.Bc4+ Kg7 44.Bd3 Kf7 45.Kf3 Kg7 46.Ke3 Kf7 47.Kd2 Kg7 48.f4 Kf7 49.h4 Kg7
50.f5 e4 51.Bxe4 gxf5 52.Bd3 Re5  1/2-1/2

[Event "8th ch-Euro"]
[Site "Dresden GER"]
[Date "2007.04.05"]
[Round "3"]
[White "Slobodjan,R"]
[Black "Fedorov,Alex"]
[Result "1-0"]
[WhiteElo "2525"]
[BlackElo "2624"]

1.Nf3 Nf6 2.c4 g6 3.g3 Bg7 4.Bg2 O-O 5.O-O c5 6.d4 Nc6 7.Nc3 d6 8.d5 Na5
9.Nd2 e5 10.a3 b6 11.b4 Nb7 12.Rb1 Ne8 13.Nf3 f5 14.Ng5 e4 15.Rb3 Nc7 16.f3 a5
17.Qc2 axb4 18.axb4 h6 19.Nh3 exf3 20.exf3 g5 21.Nf2 Na6 22.Na2 Bd7 23.Rb1 Re8
24.Bb2 Ra7 25.Bh3 Nc7 26.Bxg7 Kxg7 27.bxc5 Nxc5 28.Rxb6 Nxd5 29.Rxd6 Ne3
30.Qc3+ Kh7 31.Re1 Qa5 32.Nb4 Bc8 33.Qf6 Re6 34.Rxe6 Bxe6 35.Rxe3 Qa1+ 36.Qxa1 Rxa1+
37.Kg2  1-0

[Event "30th Open"]
[Site "San Sebastian ESP"]
[Date "2007.04.06"]
[Round "7"]
[White "Vul,A"]
[Black "Garay Lenne,L"]
[Result "1-0"]
[WhiteElo "2324"]
[BlackElo "1984"]

1.Nf3 Nf6 2.c4 g6 3.g3 Bg7 4.Bg2 O-O 5.O-O d6 6.d4 Nbd7 7.Nc3 e5 8.e4 c6
9.h3 Re8 10.Re1 exd4 11.Nxd4 Nc5 12.Qc2 a5 13.Be3 Qe7 14.Rad1 Nfd7 15.f4 a4
16.Bf2 Nf8 17.Kh2 Nfe6 18.Nf3 Qc7 19.Re2 Qa5 20.Rxd6 a3 21.e5 axb2 22.Qxb2 Bf8
23.Rd1 Na4 24.Nxa4 Qxa4 25.Qb3 Nc5 26.Bxc5 Bxc5 27.Ng5 f5 28.Red2 Be7 29.Nf3 Be6
30.Nd4 Bxc4 31.Qxb7 Ba3 32.Nxc6 Bc5 33.Rd7 Bf8 34.Rxh7 Qxa2 35.Rdd7 Qxg2+
36.Kxg2 Ra2+ 37.Kf3 Ra3+ 38.Kf2 Bc5+ 39.Ke1  1-0

[Event "30th Open"]
[Site "San Sebastian ESP"]
[Date "2007.04.06"]
[Round "7"]
[White "Kulago,A"]
[Black "Hernandez Lopez,D"]
[Result "1-0"]
[WhiteElo "2143"]
[BlackElo "1982"]

1.Nf3 Nf6 2.c4 g6 3.g3 Bg7 4.Bg2 O-O 5.O-O c6 6.d4 d5 7.cxd5 cxd5 8.Ne5 Qb6
9.Nc3 e6 10.Na4 Qb5 11.b3 Bd7 12.Nc5 Qb6 13.a4 a5 14.Ba3 Rc8 15.e3 Be8 16.Rc1 Nbd7
17.Ned3 Nxc5 18.Bxc5 Qd8 19.Qd2 Ne4 20.Bxe4 dxe4 21.Nb2 b6 22.Ba3 b5 23.Bc5 Qd5
24.Qd1 e5 25.axb5 exd4 26.exd4 Bxb5 27.Nc4 Qe6 28.d5 Qh3 29.Bd4 Bh6 30.f4 a4
31.Qc2 axb3 32.Qxb3 Bxc4 33.Rxc4 Rxc4 34.Qxc4 Rc8 35.Qe2 Qf5 36.d6 Bf8 37.Be5 f6
38.Qa2+ Kh8 39.d7 Rd8 40.Qd5 Rxd7 41.Bxf6+ Bg7  1-0

[Event "ch-Catalonia"]
[Site "Barcelona ESP"]
[Date "2007.04.07"]
[Round "7"]
[White "Porras Mateo,F"]
[Black "Basas Gamazo,J"]
[Result "1/2-1/2"]
[WhiteElo "2193"]
[BlackElo "2087"]

1.Nf3 Nf6 2.c4 g6 3.g3 Bg7 4.Bg2 O-O 5.O-O d6 6.d4 Nbd7 7.Nc3 e5 8.dxe5 dxe5
9.e4 c6 10.Qe2 Re8 11.Rd1 Qc7 12.Ne1 Nf8 13.Nc2 Bg4 14.f3 Be6 15.Be3 b6 16.b3 Rad8
17.Nb4 Bc8 18.Nc2 Ne6 19.Rxd8 Rxd8 20.Rd1 Rxd1+ 21.Qxd1 Bf8 22.Bh3 Qd7 23.Qxd7 Bxd7
24.Kg2 Nc7 25.Bxd7 Nxd7 26.Kf2 f6 27.Ke2 Kf7 28.Na4 Ke6 29.Nc3 Na6 30.g4 Nb4
31.Nxb4 Bxb4 32.Na4 Kd6 33.Nb2 Bc5 34.Bd2 Bd4 35.Nd3 Nc5 36.Bb4 Bg1 37.Bxc5+ Bxc5
38.h3 Bd4 39.a4 a5 40.f4 exf4 41.Nxf4 Ke5 42.Kf3 Kd6 43.Nd3 Ke6 44.Nf4+ Kd6
45.h4 Be5 46.Nd3 Bh2 47.c5+ bxc5 48.Nb2 Ke6 49.Nc4 Bc7 50.h5 Kf7 51.hxg6+ hxg6
52.Ke3 Ke6 53.Kf3 Ke7 54.Ke3 Ke6 55.Kf3 Ke7 56.Ke3 Ke6 57.Kf3  1/2-1/2